Big 12 College Football Teams - Statistics

General Stats
  • This quiz has been taken 395 times
    343 since last reset
  • The average score is 14 of 16
Answer Stats
School Team Name/Color % Correct
Colorado Buffaloes
99%
Arizona Wildcats
97%
Arizona State Sun Devils
95%
Baylor Bears
95%
Kansas Jayhawks
94%
TCU Horned Frogs
93%
Utah Utes
93%
BYU Cougars
91%
Iowa State Cyclones
90%
Kansas State Wildcats
90%
Texas Tech Red Raiders
89%
Oklahoma State Cowboys
88%
UCF Knights
86%
West Virginia Mountaineers
84%
Cincinnati Bearcats
80%
Houston Cougars
80%
No matching quizzes found
Score Distribution
Percent of People with Each Score
Percentile by Number Answered
Your Score History
You have not taken this quiz since the last reset